|
|
|
|
| LEADER |
01354nam a22003252a 4500 |
| 001 |
000344486 |
| 003 |
CZ BrMZK |
| 005 |
20120207165848.0 |
| 007 |
ta |
| 008 |
010907s1977 xr f cze d |
| 015 |
|
|
|a cnb000412174
|
| 035 |
|
|
|a (OCoLC)42142935
|
| 040 |
|
|
|a BOA001
|b cze
|
| 080 |
|
|
|a 515.1
|2 MRF
|
| 100 |
1 |
|
|a Adámek, Jiří,
|d 1947-
|7 jk01010073
|4 aut
|
| 245 |
1 |
0 |
|a Základy obecné topologie /
|c J. Adámek, V. Koubek, J. Reiterman
|
| 250 |
|
|
|a 1. vyd.
|
| 260 |
|
|
|a Praha :
|b SNTL-Nakladatelství technické literatury,
|c 1977
|
| 300 |
|
|
|a 280 s.
|
| 490 |
1 |
|
|a Matematický seminář
|
| 500 |
|
|
|a Dostupné též v digitální podobě v aplikaci Kramerius
|
| 700 |
1 |
|
|a Reiterman, Jan,
|d 1948-1993
|7 mzk2002144865
|4 aut
|
| 700 |
1 |
|
|a Koubek, Václav,
|d 1948-2016
|7 jn99240000505
|4 aut
|
| 830 |
|
0 |
|a Matematický seminář SNTL
|0 s
|
| 856 |
4 |
1 |
|u http://www.digitalniknihovna.cz/mzk/uuid/uuid:e7b63c90-9cf5-11e7-920d-005056827e51
|y Digitalizovaný dokument
|x NDK
|
| 910 |
|
|
|a BOA001
|b TK-0191.755
|b 2-0780.921
|
| 990 |
|
|
|a BK
|
| 996 |
6 |
|
|b 2619487618
|c 2-0780.921
|l MZK
|r Sklad / do 1 hodiny
|n 1
|w 000344486
|u 000030
|a 1
|e BOA001
|j MZK50
|s P
|
| 996 |
7 |
|
|b 2619487619
|c 2-0780.921
|l MZK
|r Sklad / do 1 hodiny
|n 5
|w 000344486
|u 000020
|a 1
|e BOA001
|j MZK50
|s A
|
| 996 |
7 |
|
|b 2629969802
|c TK-0191.755
|l MZK
|r Sklad / do 24 hodin
|n 11
|w 000344486
|u 000010
|a 1
|e BOA001
|j MZK50
|s A
|